000 01280nam a2200325 a 4500
001 000113862
003 CHAP
005 20220329144416.0
008 171002s2017 mx sm |||||||spa d
010 _a110323
011 _a111295
040 _cCHAP
090 _aTesis
100 1 _aAlejo Muñoz, James
_9133584
245 1 0 _aOrganización comunitaria en la autogestión y administración del agua potable de Santa Inés y San Joaquín Coapango, Texcoco, Edo de Mex y Chinauta, Fusagasugá, Colombia.
_h[En línea]
_cJames Alejo Muñoz.
260 _aChapingo, Méx. :
_bEl autor,
_c2017.
500 _aPara ver el contenido del material haga clic en la liga
502 _aTesis (M. C. en Desarrollo Rural Regional) -- UACH. Dirección de Centros Regionales Universitarios
590 _aBATCH-UPD
_b05
_c20171002
_lUCH01
_h1455
590 _aBATCH
_b00
_c20181121
_lUCH01
_h0758
590 _aE6337LMJ
_b05
_c20171002
_lUCH01
_h1454
590 _aE6337LMJ
_b05
_c20171002
_lUCH01
_h1456
650 1 4 _aAgua potable
_xAbastecimiento
_xComunidades rurales.
_9132210
650 1 4 _aAgua Potable
_xAdministración.
_9133585
856 _a1
_n0000207
856 _aFinding aid
_uhttp://10.13.5.2/tesis/sist113862.pdf
_zTeclea aquí
901 _aBK
942 _cTESIS
942 _n0
999 _c110323
_d110323